Spanish Football Clubs by Badge - Statistics

General Stats
  • This quiz has been taken 433 times
  • The average score is 31 of 42
Answer Stats
Picture Answer % Correct
Real Madrid
94%
Valencia
94%
Barcelona
93%
Real Betis
93%
Real Sociedad
93%
Atlético de Madrid
92%
Sevilla
92%
Villarreal
92%
Celta de Vigo
91%
Espanyol
91%
Girona
90%
Getafe
89%
Mallorca
88%
Athletic Club
87%
Osasuna
87%
Levante
85%
Rayo Vallecano
84%
Deportivo Alavés
83%
Málaga
83%
Las Palmas
82%
Deportivo de La Coruña
81%
Granada
80%
Real Valladolid
79%
Almería
78%
Eibar
77%
Elche
77%
Cádiz
75%
Leganés
73%
Real Zaragoza
71%
Real Oviedo
70%
Huesca
65%
Racing Club Santander
63%
Sporting Gijón
59%
Tenerife
58%
Albacete
48%
Mirandés
42%
Burgos
38%
Córdoba
35%
Cartagena
34%
Castellón
34%
Eldense
24%
Racing de Ferrol
24%
No matching quizzes found
Score Distribution
Percent of People with Each Score
Percentile by Number Answered
Your Score History
You have not taken this quiz